| 000 | 00706nam a2200253Ia 4500 | ||
|---|---|---|---|
| 003 | OSt | ||
| 005 | 20221005032311.0 | ||
| 006 | a|||||r|||| 00| 0 | ||
| 007 | ta | ||
| 008 | 221004b |||||||| |||| 00| 0 eng d | ||
| 024 | _a23946 | ||
| 037 | _cTextual | ||
| 040 |
_aCRL _cCRL _beng |
||
| 041 |
_2eng _aeng |
||
| 082 | _aO-973:g(U8), H9 | ||
| 100 |
_aInglis Tovey Belle and others _9584986 |
||
| 245 | 0 | _aAdventures in American literature | |
| 250 | _a4th | ||
| 260 |
_aChicago _bHarcourt Brace and Company USA _c1949 |
||
| 300 |
_a815p. _ccm. |
||
| 650 | _aENGLISH LITERATURE | ||
| 942 |
_hO-973:g(U8), H9 _cTEXL _2cc |
||
| 999 |
_c939495 _d939495 |
||